The changing role of government research laboratories
Đã lưu trong:
| Institution som forfatter: | |
|---|---|
| Format: | Bog |
| Sprog: | Undetermined |
| Udgivet: |
Paris
Organisation foe Economic Co-operation and Development
1989
|
| Fag: | |
| Tags: |
Tilføj Tag
Ingen Tags, Vær først til at tagge denne postø!
|
| Thư viện lưu trữ: | Trung tâm Học liệu Trường Đại học Cần Thơ |
|---|
| LEADER | 00620nam a2200181Ia 4500 | ||
|---|---|---|---|
| 001 | CTU_84360 | ||
| 008 | 210402s9999 xx 000 0 und d | ||
| 082 | |a 338.9 | ||
| 082 | |b O.68 | ||
| 110 | |a Organisation foe Economic Co-operation and Development | ||
| 245 | 4 | |a The changing role of government research laboratories | |
| 245 | 0 | |c Organisation foe Economic Co-operation and Development | |
| 260 | |a Paris | ||
| 260 | |b Organisation foe Economic Co-operation and Development | ||
| 260 | |c 1989 | ||
| 650 | |a Research institutes | ||
| 904 | |i QHieu(sửa) | ||
| 980 | |a Trung tâm Học liệu Trường Đại học Cần Thơ | ||